00501nam a22001577a 450000500170000001000150001702000300003203500140006203700130007608200100008910000210009924500350012026000440015527000780019930000660027720211203120756.0 aENG-130185 a978-81-945195-7-7c351.00 aEN-113717 bDBAD/PUB a230.1 aMisra, Munindra. aGoals of Life:cMunindra Misra aNoidac2020bJAI3E Books and Publishing a2203, Express Trade Towers-2, Sector-132mjaip3e@gmail.combNoidae201304 a185p.c22cm (hbk)bConclusion, Word Meaning, About the Author